Project Management, 5/e (Record no. 267357)

000 -LEADER
fixed length control field 00269 a2200121 4500
001 - CONTROL NUMBER
control field 32284
082 ## - DEWEY DECIMAL CLASSIFICATION NUMBER
Classification number 658.404 LOC
090 ## - LOCALLY ASSIGNED LC-TYPE CALL NUMBER (OCLC); LOCAL CALL NUMBER (RLIN)
-- 21671
-- 21671
100 ## - MAIN ENTRY--PERSONAL NAME
Personal name Lock, Dennis
245 ## - TITLE STATEMENT
Title Project Management, 5/e
250 ## - EDITION STATEMENT
Edition statement 5
260 ## - PUBLICATION, DISTRIBUTION, ETC.
Place of publication, distribution, etc. Hants England
Name of publisher, distributor, etc. Gower
Date of publication, distribution, etc. 1992
942 ## - ADDED ENTRY ELEMENTS (KOHA)
Institution code [OBSOLETE] NUST-CAE
Call number prefix 658.404 LOC
Holdings
Withdrawn status Lost status Damaged status Not for loan Collection code Permanent Location Current Location Date acquired Total Checkouts Full call number Barcode Date last seen Price effective from Koha item type
          College of Aeronautical Engineering (CAE) College of Aeronautical Engineering (CAE) 04/03/2017   658.404 LOC CAE71700 04/05/2017 04/05/2017 Book
© 2023 Central Library, National University of Sciences and Technology. All Rights Reserved.